000 00237nam a2200097Ia 4500
001 1195907
005 20250827021756.0
008 250824s9999 xx 000 0 und d
245 0 _aİŞKENCECİ
_cALEV ALATLI
260 _bEVEREST YAYINLARI
999 _c1195907
_d1195907